| 000 | 00977nam a2200217 i 4500 | ||
|---|---|---|---|
| 001 | 120727 | ||
| 003 | ES-MaACL | ||
| 005 | 20250718042049.0 | ||
| 007 | t| | ||
| 008 | 070214s1919 sp |||| | spa d | ||
| 100 | 1 |
_aPrado y Palacio, José del. _993628 |
|
| 245 | 1 | 0 |
_aDiscurso leído en la solemne clausura del VII Congreso [de la Asociación Española para el Progreso de las Ciencias], celebrado en Bilbao / _cpor el Excmo. Sr. D. José del Prado y Palacio, ministro de Instrucción Pública. |
| 260 |
_aMadrid : _b[s. n.], _c1919. |
||
| 300 |
_a62 p. ; _c27 cm. |
||
| 500 | _aPrecede al tít.: Asociación Española para el Progreso de las Ciencias. | ||
| 650 | 0 | 4 |
_aEnseñanza- _zEspaña- _yS.XIX _912286 |
| 710 | 2 |
_aAsociación Española para el Progreso de las Ciencias. _91705 |
|
| 710 | 2 |
_aAsociación Española para el Progreso de las Ciencias. _bCongreso ( _n7º. _d1919. _cBilbao) _91701 |
|
| 852 |
_aES-MaACL _j1574-F-26 |
||
| 999 |
_c120727 _d120727 |
||